| Tag |
First Indicator |
Second Indicator |
Subfields |
| LEADER |
00000nam a2200000 i 4500 |
| 001 |
in00004557821 |
| 003 |
OCoLC |
| 005 |
20220105164031.4 |
| 006 |
m o d |
| 007 |
cr cnu---unuuu |
| 008 |
210607t20212021nyuab ob 001 0 eng |
| 010 |
|
|
|a 2021027341
|
| 024 |
8 |
|
|a 40030968709
|
| 040 |
|
|
|a DLC
|b eng
|e rda
|c DLC
|d OCLCO
|d OCLCF
|d YDX
|
| 020 |
|
|
|a 9781108915328
|q electronic book
|
| 020 |
|
|
|a 1108915329
|q electronic book
|
| 020 |
|
|
|z 9781108843386
|q hardcover
|
| 035 |
|
|
|a (OCoLC)1256592478
|
| 042 |
|
|
|a pcc
|
| 043 |
|
|
|a cl-----
|
| 050 |
|
4 |
|a HV6604.L29
|b M66 2021
|
| 082 |
0 |
0 |
|a 364.16/5098
|2 23
|
| 084 |
|
|
|a POL040000
|2 bisacsh
|
| 100 |
1 |
|
|a Moncada, Eduardo,
|d 1977-
|e author.
|
| 245 |
1 |
0 |
|a Resisting extortion :
|b victims, criminals, and states in Latin America /
|c Eduardo Moncada, Barnard College, Columbia University.
|
| 264 |
|
1 |
|a Cambridge, United Kingdom ;
|a New York, NY :
|b Cambridge University Press,
|c 2021.
|
| 264 |
|
4 |
|c ©2021
|
| 300 |
|
|
|a 1 online resource ( xiv, 247 pages) :
|b illustrations, maps.
|
| 336 |
|
|
|a text
|b txt
|2 rdacontent
|
| 337 |
|
|
|a computer
|b c
|2 rdamedia
|
| 338 |
|
|
|a online resource
|b cr
|2 rdacarrier
|
| 490 |
1 |
|
|a Cambridge studies in comparative politics
|
| 504 |
|
|
|a Includes bibliographical references and index.
|
| 588 |
|
|
|a Description based on online resource; title from digital title page (viewed on January 05, 2022).
|
| 650 |
|
0 |
|a Extortion
|z Latin America.
|
| 650 |
|
0 |
|a Offenses against property
|x Law and legislation
|z Latin America.
|
| 650 |
|
0 |
|a Crime prevention
|z Latin America.
|
| 650 |
|
0 |
|a Vigilantism
|z Latin America.
|
| 650 |
|
7 |
|a POLITICAL SCIENCE / American Government / General.
|2 bisacsh
|
| 650 |
|
7 |
|a Crime prevention.
|2 fast
|0 (OCoLC)fst00883055
|
| 650 |
|
7 |
|a Extortion.
|2 fast
|0 (OCoLC)fst00918984
|
| 650 |
|
7 |
|a Offenses against property
|x Law and legislation.
|2 fast
|0 (OCoLC)fst01426135
|
| 650 |
|
7 |
|a Vigilantism.
|2 fast
|0 (OCoLC)fst02025837
|
| 651 |
|
7 |
|a Latin America.
|2 fast
|0 (OCoLC)fst01245945
|
| 655 |
|
7 |
|a Electronic books.
|2 local
|
| 710 |
2 |
|
|a Cambridge University Press
|
| 776 |
1 |
8 |
|i Print version:
|a Moncada, Eduardo, 1977-
|t Resisting extortion
|d New York, NY : Cambridge University Press, 2021
|z 9781108843386
|w (DLC) 2021027340
|
| 830 |
|
0 |
|a Cambridge studies in comparative politics.
|
| 856 |
4 |
0 |
|u http://proxy.library.tamu.edu/login?url=https://doi.org/10.1017/9781108915328
|z Connect to the full text of this electronic book
|t 0
|
| 945 |
|
|
|b 210787
|
| 955 |
|
|
|a YBP purchased approval e-records
|
| 980 |
|
|
|b ebook
|c 40030968709
|f NONFIC/B
|g 565751
|k USD
|m 140.00
|q 1
|s AcqMono Conventional
|t Approval plan
|u Vendor order reference number
|v ZYBP
|y E-approvals
|z Electronic resource
|
| 999 |
f |
f |
|i 5a8d7a8a-4d10-45a6-8a30-66701346b679
|s 51e5c087-e891-4928-a78e-21273d4b8f74
|t 0
|
| 952 |
f |
f |
|a Texas A&M University
|b College Station
|c Electronic Resources
|s www_evans
|d Available Online
|t 0
|e HV6604.L29 M66 2021
|